Report of the National Workshop on Income Generating Skills for Women in Sri Lanka, Colombo, Sri Lanka, 17th-21st December, 1979 (Record no. 2329)

MARC details
000 -LEADER
fixed length control field 006100000a22001570004500
005 - DATE AND TIME OF LATEST TRANSACTION
control field 20240106104911.0
008 - FIXED-LENGTH DATA ELEMENTS--GENERAL INFORMATION
fixed length control field 230817t ||||| |||| 00| 0 eng d
020 ## - ISBN
ISBN 9221024598
082 ## - DEWEY DECIMAL CLASSIFICATION NUMBER
Classification number 331.42
Item number NAT
942 ## - ADDED ENTRY ELEMENTS (KOHA)
Item Type Reports
110 ## - MAIN ENTRY--CORPORATE NAME
Corporate Name National Workshop on Income Generating Skills for Women in Sri Lanka
245 ## - TITLE STATEMENT
Title Report of the National Workshop on Income Generating Skills for Women in Sri Lanka, Colombo, Sri Lanka, 17th-21st December, 1979
260 ## - PUBLICATION, DISTRIBUTION, ETC. (IMPRINT)
Place of Publication Islamabad:
Name of Publisher International Labour Organisation,
Date of Copyright 1980
300 ## - PHYSICAL DESCRIPTION
Extent 91 p. ; 23 cm
650 ## - SUBJECT ADDED ENTRY--TOPICAL TERM
Topical Term Occupational training for women- Sri Lanka- Congresses
Holdings
Withdrawn status Lost status Damaged status Not for loan Permanent location Current location Date acquired Total Checkouts Full call number Barcode Date last seen Price effective from Koha item type
        Resource center, Muslim Women's Research And Action Forum Resource center, Muslim Women's Research And Action Forum 2023-08-17   331.42 NAT RAF4333 2023-08-17 2023-08-17 Books

Copyright © 2023 Muslim Women's Research and Action Forum (MWRAF), No 27/3, Anderson Road, Kalubowila, Dehiwela. Funded by The Asia Fundation